000 00222nam a22000857a 4500
008 170622b xxu||||| |||| 00| 0 eng d
100 _93636
_aTop publication
245 _aHome science - x
260 _aDelhi
_bTop publication
_c2007
999 _c7027
_d7027